00389nam a2200121Ia 4500008004100000082002000041100002900061245002100090260004600111300001000157630001800167650008200185211122s9999||||xx |||||||||||||| ||und|| a894.8123bBAS-P aBasheer, Vaikom Muhammad 0aPathummayude Adu bSahityapravarthaka SangomaKottayamc1959 a122p. xGeneral Stack aMalayalam LiteraturevMalayalam FictionMalayalam NovelsShort StoriesGeneralia